000 00337nam a2200145Ia 4500
008 191201s2009 xx 000 0 und d
082 _a658.3
_bSAF
100 _aSAUNDERS, Anthony
245 0 _aFinancial Markets and Institutions
250 _aRep
260 _aN.Delhi
_bTMH
_c2009
300 _a721
650 _aMBA
942 _2ddc
_cBK
999 _c4115
_d4115